000 00598nam a2200193Ia 4500
005 20250326141054.0
008 250326s9999 xx 000 0 und d
037 _aTextbook
040 _aFMSL
_beng
_cFMSL
041 _aeng
_2eng
084 _aX3obD658(2:55) P0
_qFMSL
100 _aLipnack J
_9743637
245 0 _aVirtual teams : People working across boundaries with technology
_cLipnack J; Jeffrey S
250 _aEd 2
260 _aNew York
_bNew York, John Wiley & Sons, Inc.
_c2000
300 _a317p
942 _cTB
_hX3obD658(2:55) P0
999 _c1288575
_d1288575